000 00376nam a2200157Ia 4500
008 180921t2016 xxu||||| |||| 00| 0 eng d
041 _aeng
080 _a371
_bALO
100 _aAloysius, D.N.
245 _aEffective Classroom Management
260 _bGodage
_aColombo
_c2016
300 _b51p, 22cm
942 _cBK
999 _c250
_d250
003 LK-CoDNM
040 _aLK-CoDNM
_dLK-CoDNM
_eLK-CoDNM